Państwa graniczne z... Niemcami - Statystyki

Ogólne statystyki
  • Ten quiz został rozwiązany 1 174 razy
  • Średni wynik to 8 z 9
Statystyki odpowiedzi
Długość Granicy Kraj % Poprawnych
467 km Polska
99%
451 km Francja
92%
784 km Austria
91%
167 km Belgia
91%
577 km Holandia
91%
646 km Czechy
84%
138 km Luksemburg
84%
334 km Szwajcaria
83%
68 km Dania
82%
Nie znaleziono quizów pasujących do podanych kryteriów
Rozkład punktacji
Procent ludzi z każdym wynikiem
Percentyl według liczby udzielonych odpowiedzi
Twoja historia wyników
Nie rozwiązałeś tego quizu